000 00335nam a22001457a 4500
999 _c11972
_d11972
020 _a978-1133957799
082 _a302
100 _aRoy F.Baumeister
245 _aSocial Psychology Human Nature
250 _a3rd Edition
260 _aAustralia
_bCengage Learning
_c2014
300 _a832
650 _aPsychology
942 _cBK